000 00645cam a22002413a 4500
001 1321
003 PGUSA
005 20140828082959.0
008 980501s1998||||xxu|||||s|||||000 p eng d
040 _aPGUSA
_beng
042 _adc
050 4 _aPS
100 1 _aEliot, T. S.
_q(Thomas Stearns),
_d1888-1965
245 1 4 _aThe Waste Land
_h[electronic resource] /
_cT. S. Eliot
260 _bProject Gutenberg,
_c1998
506 _aPublic domain in the USA.
516 _aElectronic text
653 _aPoetry
653 _aProse poems
830 0 _aProject Gutenberg
_v1321
856 4 0 _uhttp://www.gutenberg.org/ebooks/1321
942 _cEB
999 _c230669
_d230669